|
|
|
|
| LEADER |
00865nab a2200253 i 4500 |
| 001 |
publ30599 |
| 005 |
20241017153558.0 |
| 008 |
241017s2007 hu o 000 eng d |
| 022 |
|
|
|a 1221-2229
|
| 024 |
7 |
|
|a 1787129
|2 mtmt
|
| 040 |
|
|
|a SZTE Publicatio Repozitórium
|b hun
|
| 041 |
|
|
|a eng
|
| 100 |
1 |
|
|a Hunyadi Attila
|
| 245 |
1 |
0 |
|a Ecdysteroid isolation using rotation planar chromatography
|h [elektronikus dokumentum] /
|c Hunyadi Attila
|
| 260 |
|
|
|c 2007
|
| 300 |
|
|
|a 182-188
|
| 490 |
0 |
|
|a REVISTA DE MEDICINA SI FARMACIE - ORVOSI ÉS GYÓGYSZERÉSZETI SZEMLE
|v 53
|
| 650 |
|
4 |
|a Általános orvostudomány
|
| 700 |
0 |
2 |
|a Crul-Tóth Noémi
|e aut
|
| 700 |
0 |
2 |
|a Tóth Gábor
|e aut
|
| 700 |
0 |
2 |
|a Simon András
|e aut
|
| 700 |
0 |
2 |
|a Polgár L.
|e aut
|
| 700 |
0 |
2 |
|a Báthori Mária
|e aut
|
| 856 |
4 |
0 |
|u http://publicatio.bibl.u-szeged.hu/30599/1/aok_klny_586_07.pdf
|z Dokumentum-elérés
|